000 00750nam a2200217Ia 4500
999 _c36581
_d36581
001 2500
003 GE_BSU
005 20200407173518.0
008 181216s2005||||ge |||||||||||||| ||geo||
040 _cGE_BSU
041 _ageo
080 _a343.98(075.8) წ–85
100 _aწულაია,ზაურ
_97855
245 _aკრიმინოლოგია /
_cზაურ წულაია ; რედ. ლევან იზორია
264 _aთბილისი ,
_c2005.
300 _a563 გვ .:
_c20 სმ.
653 _aკრიმინოლოგია
653 _aსამართალი
700 _aიზორია, ლევან
_eრედაქტორი
_97856
942 _cBK
_2udc